Design revolution : (Record no. 55828)
[ view plain ]
| 000 -LEADER | |
|---|---|
| fixed length control field | 01762cam a2200349 a 4500 |
| 001 - CONTROL NUMBER | |
| control field | 15661987 |
| 003 - CONTROL NUMBER IDENTIFIER | |
| control field | OSt |
| 005 - DATE AND TIME OF LATEST TRANSACTION | |
| control field | 20130201161251.0 |
| 008 - FIXED-LENGTH DATA ELEMENTS--GENERAL INFORMATION | |
| fixed length control field | 090316s2009 nyuab b 000 0 eng |
| 010 ## - LIBRARY OF CONGRESS CONTROL NUMBER | |
| LC control number | 2009011291 |
| 020 ## - INTERNATIONAL STANDARD BOOK NUMBER | |
| International Standard Book Number | 9781933045955 : |
| Terms of availability | $34.95 |
| 020 ## - INTERNATIONAL STANDARD BOOK NUMBER | |
| International Standard Book Number | 1933045957 |
| 035 ## - SYSTEM CONTROL NUMBER | |
| System control number | (OCoLC)ocn316514575 |
| 040 ## - CATALOGING SOURCE | |
| Original cataloging agency | DLC |
| Transcribing agency | DLC |
| Modifying agency | BTCTA |
| -- | YDXCP |
| -- | C#P |
| -- | BWX |
| -- | ABG |
| -- | CDX |
| -- | VP@ |
| -- | B@L |
| -- | DEBBG |
| -- | DLC |
| 050 00 - LIBRARY OF CONGRESS CALL NUMBER | |
| Classification number | TS171.4 |
| Item number | .P55 2009 |
| 082 00 - DEWEY DECIMAL CLASSIFICATION NUMBER | |
| Classification number | 745.2 |
| Edition number | 22 |
| 100 1# - MAIN ENTRY--PERSONAL NAME | |
| Personal name | Pilloton, Emily. |
| 9 (RLIN) | 20442 |
| 245 10 - TITLE STATEMENT | |
| Title | Design revolution : |
| Remainder of title | 100 products that empower people / |
| Statement of responsibility, etc | Emily Pilloton ; foreword by Allan Chochinov. |
| 246 30 - VARYING FORM OF TITLE | |
| Title proper/short title | 100 products that empower people |
| 246 3# - VARYING FORM OF TITLE | |
| Title proper/short title | One hundred products that empower people |
| 260 ## - PUBLICATION, DISTRIBUTION, ETC. (IMPRINT) | |
| Place of publication, distribution, etc | New York, NY : |
| Name of publisher, distributor, etc | Metropolis Books : |
| -- | D.A.P./Distributed Art Publishers, |
| Date of publication, distribution, etc | c2009. |
| 300 ## - PHYSICAL DESCRIPTION | |
| Extent | 303 p. : |
| Other physical details | col. ill., col. map ; |
| Dimensions | 21 cm. |
| 504 ## - BIBLIOGRAPHY, ETC. NOTE | |
| Bibliography, etc | Includes bibliographical references. |
| 505 0# - FORMATTED CONTENTS NOTE | |
| Formatted contents note | A good long tradition : foreword / Allan Chochinov -- Design can change the world : introduction / Emily Pilloton -- Water -- Well-being -- Energy -- Education -- Mobility -- Food -- Play -- Enterprise. |
| 520 ## - SUMMARY, ETC. | |
| Summary, etc | Makes the case for design as a tool to solve some of the world's biggest social problems. The book features more than 100 innovative, sustainable, need-based product designs that empower individuals, communities, and economies. |
| 650 #0 - SUBJECT ADDED ENTRY--TOPICAL TERM | |
| Topical term or geographic name as entry element | Industrial design. |
| 9 (RLIN) | 20443 |
| 655 #7 - INDEX TERM--GENRE/FORM | |
| Genre/form data or focus term | Bildband. |
| Source of term | swd |
| 9 (RLIN) | 20444 |
| 856 ## - ELECTRONIC LOCATION AND ACCESS | |
| Uniform Resource Identifier | <a href="http://www.gbv.de/dms/weimar/toc/594670349_toc.pdf">http://www.gbv.de/dms/weimar/toc/594670349_toc.pdf</a> |
| Link text | Inhaltsverzeichnis |
| Public note | lizenzfrei |
| 906 ## - LOCAL DATA ELEMENT F, LDF (RLIN) | |
| a | 7 |
| b | cbc |
| c | orignew |
| d | 1 |
| e | ecip |
| f | 20 |
| g | y-gencatlg |
| 942 ## - ADDED ENTRY ELEMENTS (KOHA) | |
| Source of classification or shelving scheme | Library of Congress Classification |
| Koha item type | Books |
| Withdrawn status | Lost status | Source of classification or shelving scheme | Damaged status | Not for loan | Collection code | Home library | Current library | Shelving location | Date acquired | Source of acquisition | Cost, normal purchase price | Total Checkouts | Full call number | Barcode | Date last seen | Date checked out | Copy number | Price effective from | Koha item type |
|---|---|---|---|---|---|---|---|---|---|---|---|---|---|---|---|---|---|---|---|
| Library of Congress Classification | General Circulation | AIU/NEGST - Tony Wilmot Memorial Library | AIU/NEGST - Tony Wilmot Memorial Library | General Stacks | 02/01/2013 | Purchase | 35.00 | 1 | TS 171.4 .P55 2009 | R35979J3232 | 01/28/2022 | 01/17/2022 | 1 | 02/01/2013 | Books |
